01118nam a2200253 i 450000100060000000300090000600500170001500700030003200800410003510000240007624500660010025000150016626000590018130000280024050503540026870000310062270000370065370000420069070000270073270000200075970000260077970000250080585200340083023074ES-MaACL20250825050720.0t|021209s1941 sp ||||1| spa d1 aAlvarado, Salustio.10aSíntesis de la enseñanza media / cpor Salustio Alvarado. a[1ª ed.]. aMadrid : b[s.n., c1941] (fGráfica Administrativa) a2 v. : bil. ; c23 cm.8 aContiene: T. I: Física y Química / por Miguel A. Catalán. Ciencias naturales / por Salustio Alvarado. Lengua y Literatura / por Gonzalo Menéndez Pidal. -- T. II: Filosofía / por Vicente Feliu Egidio. Geografía / por María Comas. Historia / por Rafael Ballester Castell y Rafael Ballester Escalas. Matématicas / por Diego Montáñez1 aBallester Castell, Rafael.1 aCatalán, Miguel A.,d1894-19571 aMenéndez Pidal, Gonzalo,d1911-20081 aFeliu Egidio, Vicente.1 aComas, María.1 aBallester Escalas, R.1 aMontáñez, Diego. aES-MaACLjE-1755-56 bR.22567